|
|
|
|
| LEADER |
00000nab a2200000 a 4500 |
| 001 |
vtls000819524 |
| 003 |
SK-MaSNL |
| 005 |
20260304010104.0 |
| 008 |
040806c2002 xo 0 slo |
| 015 |
|
|
|a SNBRB2002/12-42471
|
| 035 |
|
|
|a CLN000171179
|
| 040 |
|
|
|a SNKBUCL
|b slo
|c SNKBUCL
|e AACR2
|
| 041 |
0 |
|
|a slo
|
| 044 |
|
|
|a xo
|c SK
|
| 080 |
|
|
|a 78.071.2:784.66
|2 UDC-MRF-SK2
|
| 080 |
|
|
|a 791.44.071.2
|2 UDC-MRF-SK2
|
| 080 |
|
|
|a 615.32
|2 UDC-MRF-SK2
|
| 245 |
0 |
0 |
|a Ibrahim Maiga: Slepá teta začala vidieť
|c [zhováral sa] (nd)
|
| 300 |
|
|
|b Fotogr.
|
| 600 |
1 |
7 |
|a Maiga, Ibrahim,
|d 1963-
|2 snkbucl
|9 208929
|
| 650 |
0 |
7 |
|a medicína naturálna
|2 snkbucl
|9 878611
|
| 655 |
|
7 |
|a rozhovory
|2 snkbucl
|9 31831
|
| 700 |
1 |
|
|a Maiga, Ibrahim,
|d 1963-
|4 aut
|4 ivr
|9 208929
|
| 773 |
0 |
|
|t Vitalita
|g Č. 8 (2002), s. 4-5
|
| 850 |
|
|
|a Slovenská národná knižnica v Martine
|
| 852 |
|
|
|a SNK
|b KIS3GCP
|
| 958 |
|
|
|a ME
|
| 999 |
|
|
|c 2559021
|d 2560951
|